000 07747nam a2200625 a 4500
005 20070430101053.0
008 061121s2007 ii a b 001 0 eng
010 _aB-279046-076
020 _a8189182862
_c150.00
020 _a9798189182860
_c150.00
035 _aB-279046-076
037 _bFusion Books/FB-294/30.5.08/51/16.5.08/11.7.08
040 _adpl
_bEnglish
082 _a613.25
100 _aChhajer, Bimal
245 _a(Two hundred one) 201 tips for losing weight /
_cby Bimal Chhajer
260 _aNew Delhi
_bFusion Books
_c2008
270 _aX-30, Okhla Industrial Area, Phase-II, New Delhi-110020
_bNew Delhi
_e110020
300 _a183p.
_b
_c22 cm (pbk)
942 _2ddc
_cEN
_mCHH
_h613.25
999 _c23349
_d23349